| 000 | 00358nam a2200133 a 4500 | ||
|---|---|---|---|
| 005 | 20140414131855.0 | ||
| 008 | 100825s19uu xx 00 eng d | ||
| 050 |
_aM 598 _bW55 2008 |
||
| 245 | _aWhy do birds have beaks?. | ||
| 260 |
_bMiles Kelly, _c2008. |
||
| 440 | _aFirst questions and answers | ||
| 650 |
_aBirds _xJuvenile literature |
||
| 999 |
_c110412 _d110412 |
||